<?xml version="1.0" encoding="UTF-8"?>
<record
    xmlns:xsi="http://www.w3.org/2001/XMLSchema-instance"
    xsi:schemaLocation="http://www.loc.gov/MARC21/slim http://www.loc.gov/standards/marcxml/schema/MARC21slim.xsd"
    xmlns="http://www.loc.gov/MARC21/slim">

  <leader>01116njm a22002657a 4500</leader>
  <controlfield tag="005">2010083003533.0</controlfield>
  <controlfield tag="007">sd ammalaaahaa</controlfield>
  <controlfield tag="008">100830t        xxu||||| |||| 00| 0 hin d</controlfield>
  <datafield tag="028" ind1=" " ind2=" ">
    <subfield code="a">N. 16406</subfield>
    <subfield code="b">His Master Voice</subfield>
  </datafield>
  <datafield tag="028" ind1=" " ind2=" ">
    <subfield code="a">OMC. 14072</subfield>
    <subfield code="b">His Master Voice</subfield>
  </datafield>
  <datafield tag="028" ind1=" " ind2=" ">
    <subfield code="a">OMC 14073</subfield>
    <subfield code="b">His Master Voice</subfield>
  </datafield>
  <datafield tag="035" ind1=" " ind2=" ">
    <subfield code="a">GR-74</subfield>
  </datafield>
  <datafield tag="040" ind1=" " ind2=" ">
    <subfield code="a">SED/ VEN</subfield>
  </datafield>
  <datafield tag="100" ind1=" " ind2=" ">
    <subfield code="a">Ray, Juthika</subfield>
    <subfield code="9">17744</subfield>
  </datafield>
  <datafield tag="245" ind1=" " ind2=" ">
    <subfield code="a">Mein to prem deewani meera bhajan  part 1 :</subfield>
    <subfield code="c">by Juthika Ray</subfield>
    <subfield code="h">[sound recording] :</subfield>
    <subfield code="b">hindi Meera Bhajan /</subfield>
  </datafield>
  <datafield tag="246" ind1=" " ind2=" ">
    <subfield code="a">&#x92E;&#x948;&#x902; &#x924;&#x94B;  &#x92A;&#x94D;&#x930;&#x947;&#x92E;  &#x926;&#x940;&#x935;&#x93E;&#x928;&#x940;  (&#x91C;&#x941;&#x925;&#x93F;&#x915;&#x93E; &#x930;&#x93E;&#x92F;)</subfield>
  </datafield>
  <datafield tag="260" ind1=" " ind2=" ">
    <subfield code="a">Dum Dum India :</subfield>
    <subfield code="b">His master Voice</subfield>
  </datafield>
  <datafield tag="300" ind1=" " ind2=" ">
    <subfield code="a">1 sound disc [Gramophone record] :</subfield>
    <subfield code="b">analog, 33 1 /3 rpm</subfield>
    <subfield code="c">10 in</subfield>
    <subfield code="f">Gramophone record</subfield>
  </datafield>
  <datafield tag="500" ind1=" " ind2=" ">
    <subfield code="a">Brief record.</subfield>
  </datafield>
  <datafield tag="505" ind1=" " ind2=" ">
    <subfield code="a">Meera lagi rang hari meera bhajan  (&#x92E;&#x940;&#x930;&#x93E;  &#x932;&#x917;&#x940;  &#x930;&#x902;&#x917;  &#x939;&#x930;&#x93F; &#x92E;&#x940;&#x930;&#x93E; &#x92D;&#x91C;&#x928; ) &#x92A;&#x93E;&#x930;&#x94D;&#x91F; 2</subfield>
  </datafield>
  <datafield tag="650" ind1=" " ind2=" ">
    <subfield code="a">Classical Music</subfield>
    <subfield code="x">India</subfield>
    <subfield code="z">Excerpts.</subfield>
    <subfield code="9">17535</subfield>
  </datafield>
  <datafield tag="700" ind1=" " ind2=" ">
    <subfield code="9">17536</subfield>
  </datafield>
  <datafield tag="942" ind1=" " ind2=" ">
    <subfield code="2">ddc</subfield>
    <subfield code="c">GR</subfield>
  </datafield>
  <datafield tag="999" ind1=" " ind2=" ">
    <subfield code="c">43146</subfield>
    <subfield code="d">43146</subfield>
  </datafield>
  <datafield tag="952" ind1=" " ind2=" ">
    <subfield code="0">0</subfield>
    <subfield code="1">0</subfield>
    <subfield code="2">ddc</subfield>
    <subfield code="4">0</subfield>
    <subfield code="7">1</subfield>
    <subfield code="a">L</subfield>
    <subfield code="b">L</subfield>
    <subfield code="d">2010-08-30</subfield>
    <subfield code="e">SED/VEN</subfield>
    <subfield code="l">0</subfield>
    <subfield code="o">GR-74</subfield>
    <subfield code="p">GR-74</subfield>
    <subfield code="r">2010-08-30 00:00:00</subfield>
    <subfield code="t">1</subfield>
    <subfield code="w">2010-08-30</subfield>
    <subfield code="y">GR</subfield>
  </datafield>
</record>
